000 00333nam a2200133Ia 4500
008 231011s9999 xx 000 0 und d
041 _aeng
100 _aGryna Frank M
245 _aJurans Quality Planning and Analysis
250 _a5 th
260 _bTata Mcgrawhill Pub Co, New Delhi -
_c2010
300 _a774
365 _b380
999 _c892060
_d892060